000 00232 a2200097 4500
001 42461
100 _aDupuy T
245 _aThe air war in the west June 1941-Apr-1945
260 _aLondo
_bFranklin watts
_c
090 _c26378
_d26378
942 _aNUST-CAE
_cM
_c18200
999 _c277534
_d277534